header

Treatment of error in second language student writing (Record no. 5132)

MARC details
000 -LEADER
fixed length control field 01558nam a2200385Ia 4500
082 04 - DEWEY DECIMAL CLASSIFICATION NUMBER
Classification number 808/.0428071
100 1# - MAIN ENTRY--AUTHOR NAME
Personal name Ferris, Dana.
245 10 - TITLE STATEMENT
Title Treatment of error in second language student writing
250 ## - EDITION STATEMENT
Edition statement 2nd ed.
260 ## - PUBLICATION, DISTRIBUTION, ETC. (IMPRINT)
Place of publication Ann Arbor :
Name of publisher University of Michigan Press,
Year of publication c2011.
300 ## - PHYSICAL DESCRIPTION
Number of Pages xx, 219 p.
490 0# - SERIES STATEMENT
Series statement The Michigan series on teaching multilingual writers
650 #0 - SUBJECT ADDED ENTRY--TOPICAL TERM
Topical Term English language
Topical Term English language
Topical Term English language
Topical Term Report writing
Topical Term Second language acquisition.
856 40 - ELECTRONIC LOCATION AND ACCESS
Uniform Resource Identifier http://site.ebrary.com/lib/rucke/Doc?id=10704749

No items available.

© 2026 Rongo University
Contact us: librarian | system librarian | Rongo university